| 000 | 01107nam a22002537a 4500 | ||
|---|---|---|---|
| 003 | OSt | ||
| 005 | 20160321172402.0 | ||
| 008 | 130604s2003 sp ||||| |||| 00| 0 spa d | ||
| 020 | _a8423334414 | ||
| 040 | _cCDMR | ||
| 245 | 0 |
_aCuatro historias de la República _cJulio Camba, Gaziel, Josep Pla, Manuel Chaves Nogales ; edición a cargo de Xavier Pericay ; prólogos de Arcadi Espada, Xavier Pericay, Xavier Pla, Andrés Trapiello |
|
| 260 |
_aBarcelona _bDestino _c2003 |
||
| 300 | _a1101 p. | ||
| 490 |
_aImago mundi _v18 |
||
| 505 | _aConté: Madrid, el advenimiento de la República / Josep Pla ; Los enemigos de la república / Manuel Chaves Nogales ; Haciendo de república / Julio Camba ; La República sin republicanos, comentarios libres / Gaziel | ||
| 650 | 0 | 4 |
_93305 _aRepublicanisme _y1931-1936 |
| 650 | 0 | 4 |
_93533 _aEscriptors _zEspanya _vRecull d'escrits |
| 700 | 1 |
_949 _aGaziel _d1887-1964 |
|
| 700 | 1 |
_9827 _aPla, Josep _d1897-1981 |
|
| 700 | 1 |
_93658 _aChaves Nogales, Manuel _d1897-1944 |
|
| 700 | 1 |
_93654 _aPericay, Xavier _eed. |
|
| 700 | 1 |
_93657 _aCamba, Julio _d1882-1962 |
|
| 942 |
_2udc _cMON |
||
| 999 |
_c6397 _d6397 |
||